Conti, Duchi e Re di Savoia - Statistics

Statistiche generali
  • Questo quiz è stato fatto 155 volte
  • Il punteggio medio è 29 su 44
Statistiche sulle risposte
Titolo Anni di regno Nome % Corretto
Re d’Italia 1878-1900 Umberto I
99%
Conte di Savoia 1003-1047 Umberto I Biancamano
99%
Conte di Savoia 1080-1103 Umberto II
99%
Re d’Italia 1946-1946 Umberto II
99%
Conte di Savoia 1148-1189 Umberto III
99%
Re di Sardegna 1802-1821 Vittorio Emanuele I
98%
Re di Sardegna/Italia 1849-1878 Vittorio Emanuele II
98%
Re d’Italia 1900-1946 Vittorio Emanuele III
98%
Duca di Savoia 1482-1490 Carlo I
95%
Duca di Savoia 1504-1553 Carlo II
95%
Re di Sardegna 1831-1849 Carlo Alberto
89%
Conte di Savoia 1047-1051 Amedeo I
83%
Conte di Savoia 1078-1080 Amedeo II
83%
Conte di Savoia 1103-1148 Amedeo III
83%
Conte di Savoia 1223-1253 Amedeo IV
83%
Duca di Savoia 1465-1472 Amedeo IX
83%
Conte di Savoia 1285-1323 Amedeo V
83%
Conte di Savoia 1343-1383 Amedeo VI
83%
Conte di Savoia 1383-1391 Amedeo VII
83%
Conte/Duca di Savoia 1391-1440 Amedeo VIII
83%
Duca di Savoia 1472-1482 Filiberto I
72%
Duca di Savoia 1497-1504 Filiberto II
72%
Re di Sardegna 1821-1831 Carlo Felice
67%
Duca di Savoia 1553-1580 Emanuele Filiberto I
65%
Duca di Savoia 1580-1630 Carlo Emanuele I
56%
Duca di Savoia 1638-1675 Carlo Emanuele II
56%
Re di Sardegna 1730-1773 Carlo Emanuele III
56%
Re di Sardegna 1796-1802 Carlo Emanuele IV
56%
Duca di Savoia 1630-1637 Vittorio Amedeo I
56%
Duca di Savoia/Re di Sicilia/Re di Sardegna 1675-1730 Vittorio Amedeo II
56%
Re di Sardegna 1773-1796 Vittorio Amedeo III
56%
Conte di Savoia 1268-1285 Filippo I
47%
Duca di Savoia 1496-1497 Filippo II
47%
Conte di Savoia 1329-1343 Aimone
31%
Conte di Savoia 1189-1223 Tommaso I
31%
Conte di Savoia (reggente del successivo) 1253-1259 Tommaso II
31%
Conte di Savoia 1057-1078 Pietro I
29%
Conte di Savoia 1263-1268 Pietro II
29%
Duca di Savoia 1440-1465 Ludovico
28%
Conte di Savoia 1051-1057 Oddone I
26%
Conte di Savoia 1323-1329 Edoardo
23%
Duca di Savoia 1637-1638 Francesco Giacinto
20%
Duca di Savoia 1490-1496 Carlo Giovanni Amedeo
19%
Conte di Savoia 1253-1263 Bonifacio
14%
Nessun quiz corrispondente trovato
Distribuzione punteggi
Percentuale di utenti per punteggio
Percentile per numero di risposta
I tuoi punteggi nel tempo
Non hai fatto questo quiz